000 00741cam a22002653a 4500
001 15195
003 PGUSA
005 20140828083327.0
008 050228s2005||||xxu|||||s|||||000 1 eng d
040 _aPGUSA
_beng
042 _adc
050 4 _aPS
100 1 _aDaviess, Maria Thompson,
_d1872-1924
245 1 0 _aRose of Old Harpeth
_h[electronic resource] /
_cMaria Thompson Daviess
260 _bProject Gutenberg,
_c2005
506 _aPublic domain in the USA.
516 _aElectronic text
653 _aProspecting -- Fiction
653 _aLove stories
653 _aYoung women -- Fiction
700 1 _aKing, W. B.
830 0 _aProject Gutenberg
_v15195
856 4 0 _uhttp://www.gutenberg.org/ebooks/15195
942 _cEB
999 _c244450
_d244450